Logos Through The Ages: Dunkin' Donuts Quiz Stats

 Plays Quiz Updated Jan 14, 2018

Score 0/7 Timer 02:00
1 Play Today
% Correct
???
85.4%
???
81.3%
???
72.9%
???
71.1%
???
57.3%
???
28%
???
27.4%

You're not logged in!

Compare scores with friends on all Sporcle quizzes.
OR
Log In

You Might Also Like...

Show Comments

Extras

Top Quizzes Today


Score Distribution

Your Account Isn't Verified!

In order to create a playlist on Sporcle, you need to verify the email address you used during registration. Go to your Sporcle Settings to finish the process.

Report this User

Report this user for behavior that violates our Community Guidelines.

Details: